| 000 | 00460nam a22001697a 4500 | ||
|---|---|---|---|
| 003 | NUST - PNEC | ||
| 005 | 20170116181147.0 | ||
| 008 | 151013b xxu||||| |||| 00| 0 eng d | ||
| 020 | _a0064533050 | ||
| 040 | _cLIBRARY | ||
| 082 | _a621.902 HEI | ||
| 100 |
_915130 _aHeineman, Stephen S. |
||
| 245 |
_aMachine tools : processes and applications _cStephen S. Heineman |
||
| 260 | _cc.1979 | ||
| 650 |
_915132 _aMachine-shop practice _xME |
||
| 942 |
_2ddc _cBK |
||
| 999 |
_c70779 _d70779 |
||